|
|
|
|
| LEADER |
00000cam a2200000 i 4500 |
| 001 |
1/28550 |
| 008 |
021112s2001 gr | ||| |||| ||gre|| |
| 020 |
|
|
|a 9603102806
|
| 035 |
|
|
|l 10068637
|
| 040 |
|
|
|a GR-MY-UA
|b gre
|e aacr
|
| 041 |
0 |
|
|a gre
|
| 082 |
7 |
|
|a 320.9495
|2 (22)
|
| 100 |
1 |
|
|a Βούλγαρης, Γιάννης,
|d 1951-
|
| 245 |
1 |
2 |
|a Η Ελλάδα της μεταπολίτευσης 1974-1990 :
|b σταθερή δημοκρατία σημαδεμένη απο τη μεταπολεμική ιστορία /
|c Γιάννης Βούλγαρης.
|
| 260 |
|
|
|a Αθήνα :
|b Θεμέλιο,
|c 2001.
|
| 300 |
|
|
|a 407 σ. ;
|c 22 εκ.
|
| 504 |
|
|
|a Βιβλιογραφία : σ. 391-407.
|
| 650 |
0 |
0 |
|a Political parties
|z Greece.
|
| 651 |
|
0 |
|a Greece
|x Politics and government
|y 20th century.
|
| 852 |
|
|
|a INST
|b RHODES
|e 20021112
|h 320.9495 ΒΟΥ
|p 005400015988
|q 005400015988
|t BK
|y 0
|
| 901 |
|
|
|a BIBL4-2002-3
|
| 909 |
|
|
|a Ρ
|b 101534
|
| 922 |
|
|
|a 4ΕΛΗ
|b 200210
|c ΒΙΒΛΙΟΘΗΚΗ
|d ΔΕΝΤΡΟ
|
| 950 |
|
|
|a 094-2002-10-05
|
| 970 |
|
|
|a ΚΟΥΛΑΚΙΟΤΗ
|b ΛΙΤΣΑ
|z 2002/11/10
|